00754nam a2200217Ia 4500008004100000100001900041245012000060260001100180300002100191440002600212521000900238650003500247650003400282650003900316650002700355650001900382650002500401942000700426999001900433952008400452140626s9999 xx 000 0 und d aMadsen, Peter. aPerils and profits :b a reexamination of the link between profitability and safety in US aviation /cPeter Madsen. cc2013. a39 : 3, page 763 aJournal of Management aBSBA aBehavioral theory of the firm. aCorporate social performance. aFinancial performance-safety link. aOrganizational safety. aProfit motive. aUs airline industry. cSE c121028d121028 001040aCLbCLcPERd2014-06-26l0pS0136r2014-06-26 00:00:00w2014-06-26ySE